[Event "Hennebont Grand Prix"]
[Site "Hennebont"]
[Date "2006.08.06"]
[Round "4"]
[White "Le Goff, Thierry"]
[Black "Pouliquen, David"]
[Result "0-1"]
[WhiteElo "1710"]
[BlackElo "2050"]
[PlyCount "46"]
[EventDate "2006.08.05"]
[EventType "swiss"]
[EventRounds "7"]
[EventCountry "FRA"]
[SourceTitle "EXT 2007"]
[Source "ChessBase"]
[SourceDate "2006.11.23"]
[SourceVersion "1"]
[SourceVersionDate "2006.11.23"]
[SourceQuality "1"]

1. e4 c5 2. Nc3 Nc6 3. Nf3 d6 4. d4 cxd4 5. Nxd4 e5 6. Nb3 Be7 7. Be3 Nf6 8. f3 0-0 9. Qd2 Be6 10. g4 d5 11. exd5 Nxd5 12. Nxd5 Qxd5 13. Qxd5 Bxd5 14. Bg2 Bh4+ 15. Bf2 Bxf2+ 16. Kxf2 f5 17. Rad1 Bxb3 18. axb3 fxg4 19. Kg3 Nd4 20. Kxg4 Rf4+ 21. Kg3 Raf8 22. Rd3 Nf5+ 23. Kf2 e4 0-1

[Event "Hennebont Grand Prix"]
[Site "Hennebont"]
[Date "2006.08.05"]
[Round "2"]
[White "Kaulfuss, Helmut"]
[Black "Pouliquen, David"]
[Result "1-0"]
[WhiteElo "2197"]
[BlackElo "2050"]
[PlyCount "118"]
[EventDate "2006.08.05"]
[EventType "swiss"]
[EventRounds "7"]
[EventCountry "FRA"]
[SourceTitle "EXT 2007"]
[Source "ChessBase"]
[SourceDate "2006.11.23"]
[SourceVersion "1"]
[SourceVersionDate "2006.11.23"]
[SourceQuality "1"]

1. e4 c5 2. Nc3 Nc6 3. g3 g6 4. Bg2 Bg7 5. d3 Nf6 6. f4 d6 7. Nf3 Rb8 8. 0-0 0-0 9. Nh4 Ng4 10. Ne2 Qb6 11. c3 c4+ 12. d4 e5 13. Nf3 exd4 14. Nfxd4 Re8 15. Kh1 f5 16. h3 fxe4 17. hxg4 Bxg4 18. Be3 Nxd4 19. Bxd4 Bxd4 20. cxd4 Qxb2 21. Re1 d5 22. Qc1 Qxc1 23. Raxc1 b5 24. Nc3 Red8 25. a3 a5 26. Bf1 Rd6 27. Rb1 b4 28. axb4 axb4 29. Nxd5 Bf3+ 30. Kg1 c3 31. Nxc3 Rxd4 32. Nb5 Rd5 33. Rxb4 Rh5 34. Kf2 Rd8 35. Nd4 Rh2+ 36. Ke3 Bg4 37. Rc1 Rd7 38. Rcb1 Kg7 39. Rb7 Rxb7 40. Rxb7+ Kf6 41. Rb6+ Ke7 42. Kxe4 Rh1 43. Be2 Re1 44. Kd3 Bxe2+ 45. Nxe2 Rd1+ 46. Ke3 Rd7 47. g4 Kf7 48. Ng3 Ra7 49. Ne4 Ra3+ 50. Kd4 Ra4+ 51. Kd5 Ra5+ 52. Nc5 Ra8 53. Rb7+ Kg8 54. g5 h5 55. gxh6 Ra1 56. Ke5 Rh1 57. Rg7+ Kf8 58. Ne6+ Ke8 59. Kf6 Rxh6 1-0

[Event "Bretagne-ch U18 op"]
[Site "Sarzeau"]
[Date "2006.02.21"]
[Round "1"]
[White "Pouliquen, David"]
[Black "Lescop, Etienne"]
[Result "1-0"]
[WhiteElo "1940"]
[BlackElo "1710"]
[PlyCount "65"]
[EventDate "2006.02.21"]
[EventType "swiss"]
[EventRounds "6"]
[EventCountry "FRA"]
[SourceTitle "EXT 2007"]
[Source "ChessBase"]
[SourceDate "2006.11.23"]
[SourceVersion "1"]
[SourceVersionDate "2006.11.23"]
[SourceQuality "1"]

1. c4 e5 2. Nc3 Nc6 3. Nf3 Nf6 4. g3 Bc5 5. Bg2 Qe7 6. 0-0 h6 7. Nb5 d6 8. d4 exd4 9. Nbxd4 Bd7 10. a3 0-0 11. Re1 Rfe8 12. b4 Bb6 13. Bb2 Ne5 14. Nxe5 dxe5 15. Nc2 c6 16. c5 Bc7 17. Ne3 Rad8 18. Qc2 Ng4 19. Nc4 e4 20. e3 Bf5 21. Bd4 Qe6 22. Rab1 Ne5 23. Nxe5 Bxe5 24. Bxe5 Qxe5 25. b5 Rd5 26. bxc6 bxc6 27. Qa4 Rxc5 28. Qxa7 Ra5 29. Qb6 Rxa3 30. Qxc6 Rea8 31. Rb5 Ra1 32. Rf1 Rxf1+ 33. Bxf1 1-0